00434nam a2200133Ia 4500001000400000008004100004082001700045100001100062245015900073260001700232590000700249901002700256999001700283922241024s9999 xx 000 0 und d a374.012/U56p aUNESCO 0aProgramas, Experiencias y Metodos de Alfabetización con Poblaciones en contexto de Vulnerabilidad en países andinos (2004-2008) Informe País Bolivia bUNESCOc2009 asi a9/12/2010 1:41:14 p.m. c10890d10890